| 000 | 00354nam a22001097a 4500 | ||
|---|---|---|---|
| 082 | _a621.388 STA'E | ||
| 100 |
_aESSEX _979810 |
||
| 245 | _a1969/1970 STANEOR TV REPLACEMENT GUIDE COMMERCIAL TV/RADIO REPLACEMENT PART TO PART CROSS REFERENCE FOR TRANSFORMER AND DEFLECTION COMPONENTS | ||
| 260 |
_aCHICAGO _bSTANCER _c1931 |
||
| 300 | _aXVVII | ||
| 942 | _cBK | ||
| 999 |
_c584802 _d584802 |
||